| 000 | 00898nam a2200205Ii 4500 | ||
|---|---|---|---|
| 003 | JO-AjNU | ||
| 008 | 230605s9999||||xx |||||||||||||| ||und|| | ||
| 040 |
_aJO-AjNU _bara _erda _cJO-AjNU |
||
| 041 | _aara | ||
| 050 | 1 | 4 | _aBP145 1991 |
| 100 | 3 |
_aالشافعي، بدر الدين محمد بن ابي بكر بن سليمان البكري ، تحقيق: عادل احمد عبد الموجود، علي محمد معوض ، تقديم: محمد انيس عبادة, _eauthor _928938 |
|
| 245 | 0 | 0 | _aالإعتناء في الفرق والاستثناء: كتاب يبحث في قواعد الفقه وفروعه، ج2 |
| 250 | _aط1 | ||
| 264 | 3 | 1 | _aبيروت: دار الكتب العلمية، 1991 |
| 300 | _aج2، 1214ص | ||
| 336 |
_atext _btxt _2rdacontent |
||
| 337 |
_aunmediated _bn _2rdamedia |
||
| 338 |
_avolume _bnc _2rdacarrier |
||
| 650 | 4 |
_aالفقه الاسلامي _928939 |
|
| 999 |
_aA11287 _c14855 _d14855 |
||